Berliner platz 3 neu : deutsch im alltag intensivtrainer

Αποθηκεύτηκε σε:
Λεπτομέρειες βιβλιογραφικής εγγραφής
Κύριος συγγραφέας: Lemcke, Christiane
Άλλοι συγγραφείς: Rohrmann, Lutz, Scherling, Theon (Επιμελητής έκδοσης)
Μορφή: Βιβλίο
Γλώσσα:German
Δημοσίευση: Munchen : Langenscheidt, 2011
Θέματα:
Ετικέτες: Προσθήκη ετικέτας
Δεν υπάρχουν, Καταχωρήστε ετικέτα πρώτοι!

MARC

LEADER 00000cam a2200000 i 4500
001 1/42046
008 140213s2011 ger d
020 |a 978-3-12-606060-8 
035 |l 10116678 
040 |a GR-MY-UA  |b gre  |e aacr 
041 0 |a ger 
082 0 |a 438.24  |2 (22) 
100 1 |a Lemcke, Christiane. 
245 1 0 |a Berliner platz 3 neu :  |b deutsch im alltag intensivtrainer /  |c Christiane Lemcke, Lutz Rohrmann ; in zusammenarbeit mit Theo Scherling 
260 |a Munchen :   |b Langenscheidt,   |c 2011 
300 |a 96 σ.;  |b εικ., πίν.;  |c 30 εκ. 
650 0 0 |a German language  |x Study and teaching  |x Foreign students. 
700 1 |a Rohrmann, Lutz. 
700 1 |a Scherling, Theon.  |4 edt 
852 |a INST  |b RHODES  |e 20140213  |h 438.24 BER  |p 005400036177  |q 005400036177  |t BK  |y 0 
901 |a BIBL4-2014-1 
909 |a Ρ  |b 182683 
970 |z 2014/02/13